Biggest Trading Partners - Malta - Statistics

General Stats
  • This quiz has been taken 50 times
  • The average score is 17 of 22
Answer Stats
Exports Imports Country % Correct
64.4 mil 723 mil France
100%
186 mil 1.92 bil Italy
100%
80.4 mil 529 mil Spain
100%
136 mil 270 mil United States
100%
379 mil China
97%
107 mil 445 mil United Kingdom
97%
146 mil Greece
95%
212 mil Turkey
95%
931 mil 751 mil Germany
90%
207 mil 128 mil Japan
90%
230 mil South Korea
87%
41.9 mil 287 mil India
85%
50.7 mil 447 mil Netherlands
85%
170 mil Belgium
82%
52.2 mil Poland
82%
64.7 mil Croatia
74%
127 mil Taiwan
62%
42.5 mil Hungary
59%
154 mil Singapore
49%
44.4 mil Argentina
23%
75.8 mil Ghana
13%
133 mil Trinidad and Tobago
0%
No matching quizzes found
Score Distribution
Percent of People with Each Score
Percentile by Number Answered
Your Score History
You have not taken this quiz